000 00580cam a2200145 4500500
005 20260208005947.0
041 _afre
042 _adc
100 1 0 _aVassevière, Maryse
_eauthor
245 0 0 _aANNICK JAUER, L’Allemagne d’Aragon. Publications de l’Université de Provence, 2007. Un vol. de 322 p.
260 _c2009.
500 _a14
786 0 _nRevue d'histoire littéraire de la France | 109 | 1 | 2009-02-17 | p. 211u-253u | 0035-2411
856 4 1 _uhttps://shs.cairn.info/revue-d-histoire-litteraire-de-la-france-2009-1-page-211u?lang=fr&redirect-ssocas=7080
999 _c1654574
_d1654574